<?xml version="1.0" encoding="UTF-8"?>
<record
    xmlns:xsi="http://www.w3.org/2001/XMLSchema-instance"
    xsi:schemaLocation="http://www.loc.gov/MARC21/slim http://www.loc.gov/standards/marcxml/schema/MARC21slim.xsd"
    xmlns="http://www.loc.gov/MARC21/slim">

  <leader>01579nam a22002057a 4500</leader>
  <controlfield tag="005">20220518114941.0</controlfield>
  <controlfield tag="008">220518b           ||||| |||| 00| 0 eng d</controlfield>
  <datafield tag="020" ind1=" " ind2=" ">
    <subfield code="a">0440225701</subfield>
  </datafield>
  <datafield tag="040" ind1=" " ind2=" ">
    <subfield code="c">AL</subfield>
  </datafield>
  <datafield tag="041" ind1=" " ind2=" ">
    <subfield code="a">English</subfield>
  </datafield>
  <datafield tag="082" ind1=" " ind2=" ">
    <subfield code="2">23</subfield>
    <subfield code="a">813.54</subfield>
    <subfield code="b">GRIS</subfield>
  </datafield>
  <datafield tag="100" ind1=" " ind2=" ">
    <subfield code="a">John Grisham</subfield>
    <subfield code="9">37769</subfield>
  </datafield>
  <datafield tag="245" ind1=" " ind2=" ">
    <subfield code="a">Street Lawyer</subfield>
  </datafield>
  <datafield tag="260" ind1=" " ind2=" ">
    <subfield code="a">New York</subfield>
    <subfield code="b">Dell Publishing</subfield>
    <subfield code="c">1998</subfield>
  </datafield>
  <datafield tag="300" ind1=" " ind2=" ">
    <subfield code="a">452 p.</subfield>
    <subfield code="b">PB</subfield>
    <subfield code="c">17.5x10.5 cm.</subfield>
  </datafield>
  <datafield tag="520" ind1=" " ind2=" ">
    <subfield code="a">He gave up the money.  He gave up the power.  Now all he has left is the law.
Michael Brock is billing the hours, making the money, rushing relentlessly to the top of Drake &amp; Sweeney, a giant D.C. law firm.  One step away from partnership, Michael has it all.  Then, in an instant, it all comes undone.
A homeless man takes nine lawyers hostage in the firm's plush offices.  When it is all over, the man's blood is splattered on Michael's face--and suddenly Michael is willing to do the unthinkable.  Rediscovering a conscience he lost long ago, Michael is leaving the big time for the streets where his attacker once lived--and where society's powerless need an advocate for justice.

But there's one break Michael can't make: from a secret that has floated up from the depths of Drake &amp; Sweeney, from a confidential file that is now in Michael's hands, and from a conspiracy that has already taken lives.  Now Michael's former partners are about to become his bitter enemies.  Because to them, Michael Brock is the most dangerous man on the streets....</subfield>
  </datafield>
  <datafield tag="650" ind1=" " ind2=" ">
    <subfield code="a">Washington --Fiction</subfield>
    <subfield code="9">37770</subfield>
  </datafield>
  <datafield tag="700" ind1=" " ind2=" ">
    <subfield code="a">GRISHAM (John)</subfield>
    <subfield code="9">37771</subfield>
  </datafield>
  <datafield tag="942" ind1=" " ind2=" ">
    <subfield code="2">ddc</subfield>
    <subfield code="c">GF</subfield>
  </datafield>
  <datafield tag="999" ind1=" " ind2=" ">
    <subfield code="c">222986</subfield>
    <subfield code="d">222986</subfield>
  </datafield>
  <datafield tag="952" ind1=" " ind2=" ">
    <subfield code="0">0</subfield>
    <subfield code="1">0</subfield>
    <subfield code="2">ddc</subfield>
    <subfield code="4">0</subfield>
    <subfield code="7">0</subfield>
    <subfield code="8">ENG</subfield>
    <subfield code="a">AL</subfield>
    <subfield code="b">AL</subfield>
    <subfield code="d">2013-03-24</subfield>
    <subfield code="l">0</subfield>
    <subfield code="o">813.54 GRIS</subfield>
    <subfield code="p">GF02377</subfield>
    <subfield code="r">2022-05-18 00:00:00</subfield>
    <subfield code="w">2022-05-18</subfield>
    <subfield code="y">GF</subfield>
  </datafield>
</record>
